Сборник тестовых задач по теории автоматического управления: учебное пособие
| প্রধান লেখক: | |
|---|---|
| সংস্থা লেখক: | |
| অন্যান্য লেখক: | |
| সংক্ষিপ্ত: | Заглавие с титульного экрана Электронная версия печатной публикации Пособие содержит свыше 1000 тестовых задач, которые не требуют больших временных затрат на их решение и в этой связи позволяют оперативно проверять уровень усвоения студентами курса «Теория автоматического управления», изучаемых в нем принципов построения, методов анализа и синтеза систем автоматического управления. Может быть использовано при проведении практических занятий, контрольных работ, других внутрисеместровых и итоговых тестовых испытаний, а также для самоконтроля изучающими теорию автоматического управления приобретенных теоретических знаний и практических навыков AM_TPU_network |
| ভাষা: | রুশ |
| প্রকাশিত: |
Томск, Изд-во ТПУ, 2013
|
| সংস্করন: | 2-е изд., перераб. |
| বিষয়গুলি: | |
| অনলাইন ব্যবহার করুন: | http://www.lib.tpu.ru/fulltext2/m/2015/m066.pdf |
| বিন্যাস: | বৈদ্যুতিক গ্রন্থ |
| KOHA link: | https://koha.lib.tpu.ru/cgi-bin/koha/opac-detail.pl?biblionumber=288746 |
MARC
| LEADER | 00000nam0a2200000 4500 | ||
|---|---|---|---|
| 001 | 288746 | ||
| 005 | 20260414141929.0 | ||
| 010 | |a 978-5-4387-0348-8 | ||
| 035 | |a (RuTPU)RU\TPU\book\313230 | ||
| 035 | |a RU\TPU\book\204622 | ||
| 090 | |a 288746 | ||
| 100 | |a 20150327d2013 m y0rusy50 ca | ||
| 101 | 0 | |a rus | |
| 102 | |a RU | ||
| 105 | |a a j 001zy | ||
| 135 | |a drgn ---uucaa | ||
| 181 | 0 | |a i |b e | |
| 182 | 0 | |a b | |
| 183 | 0 | |a cr |2 RDAcarrier | |
| 200 | 1 | |a Сборник тестовых задач по теории автоматического управления |e учебное пособие |f А. М. Малышенко, О. С. Вадутов |g Национальный исследовательский Томский политехнический университет (ТПУ) | |
| 203 | |a Текст |c электронный |b визуальный | ||
| 205 | |a 2-е изд., перераб. | ||
| 210 | |a Томск |c Изд-во ТПУ |d 2013 | ||
| 283 | |a online_resource |2 RDAcarrier | ||
| 300 | |a Заглавие с титульного экрана | ||
| 300 | |a Электронная версия печатной публикации | ||
| 330 | |a Пособие содержит свыше 1000 тестовых задач, которые не требуют больших временных затрат на их решение и в этой связи позволяют оперативно проверять уровень усвоения студентами курса «Теория автоматического управления», изучаемых в нем принципов построения, методов анализа и синтеза систем автоматического управления. Может быть использовано при проведении практических занятий, контрольных работ, других внутрисеместровых и итоговых тестовых испытаний, а также для самоконтроля изучающими теорию автоматического управления приобретенных теоретических знаний и практических навыков | ||
| 371 | 0 | |a AM_TPU_network | |
| 451 | 1 | |0 (RuTPU)RU\TPU\book\204622 |t Сборник тестовых задач по теории автоматического управления |o учебное пособие |f А. М. Малышенко, О. С. Вадутов |g Томский политехнический университет (ТПУ) |c Томск |n Изд-во ТПУ |d 2008 |a Малышенко, Александр Максимович | |
| 606 | 1 | |a Системы автоматического управления |x Теория |2 stltpush |3 (RuTPU)RU\TPU\subj\68253 |9 83687 | |
| 610 | 1 | |a автоматическое управление | |
| 610 | 1 | |a ТАУ | |
| 610 | 1 | |a системы | |
| 610 | 1 | |a САУ | |
| 610 | 1 | |a классификация | |
| 610 | 1 | |a математические модели | |
| 610 | 1 | |a линейные непрерывные объекты | |
| 610 | 1 | |a динамические свойства | |
| 610 | 1 | |a операторно-структурные схемы | |
| 610 | 1 | |a графы | |
| 610 | 1 | |a фундаментальные свойства | |
| 610 | 1 | |a устойчивость | |
| 610 | 1 | |a установившиеся режимы | |
| 610 | 1 | |a переходные процессы | |
| 610 | 1 | |a особые свойства | |
| 610 | 1 | |a синтез | |
| 610 | 1 | |a импульсные системы | |
| 610 | 1 | |a цифровые системы | |
| 610 | 1 | |a линейные системы | |
| 610 | 1 | |a статистическая динамика | |
| 610 | 1 | |a оптимальные системы | |
| 610 | 1 | |a адаптивные системы | |
| 610 | 1 | |a тестовые задачи | |
| 610 | 1 | |a ответы | |
| 610 | 1 | |a учебные пособия | |
| 610 | 1 | |a труды учёных ТПУ | |
| 610 | 1 | |a электронный ресурс | |
| 675 | |a 681.51.01(076) |v 3 | ||
| 700 | 1 | |a Малышенко |b А. М. |c специалист в области информатики и вычислительной техники |c профессор Томского политехнического университета, доктор технических наук |c член-корреспондент Академии электротехнических наук РФ |c действительный член Международной академии наук высшей школы |f 1937- |g Александр Максимович |3 (RuTPU)RU\TPU\pers\21983 |9 9294 | |
| 701 | 1 | |a Вадутов |b О. С. |c специалист в области электроники |c доцент Томского политехнического университета, кандидат технических наук |f 1940- |g Олег Самигулович |3 (RuTPU)RU\TPU\pers\25384 |9 11327 | |
| 712 | 0 | 2 | |a Национальный исследовательский Томский политехнический университет (ТПУ) |b Институт кибернетики (ИК) |b Кафедра интегрированных компьютерных систем управления (ИКСУ) |3 (RuTPU)RU\TPU\col\18701 |
| 801 | 1 | |a RU |b 63413507 |c 20101208 | |
| 801 | 2 | |a RU |b 63413507 |c 20160615 |g RCR | |
| 856 | 4 | 0 | |u http://www.lib.tpu.ru/fulltext2/m/2015/m066.pdf |z http://www.lib.tpu.ru/fulltext2/m/2015/m066.pdf |
| 942 | |c CF | ||